Equity Release Contracts with Varying Payments
Zmluvy o uvoľnení vlastného imania umožňujú vlastníkom nehnuteľností získať finančnú výhodu výmenou za odovzdanie ich nehnuteľností spoločnosti. Cieľom príspevku je analyzovať rôzne platby zmlúv o uvoľnení vlastného imania, ktoré sa už niekoľko rokov ponúkajú zákazníkom v Poľsku.
Guardado en:
| Autor principal: | |
|---|---|
| Formato: | Capítulo de libro |
| Lenguaje: | inglés |
| Materias: | |
| Etiquetas: |
Sin Etiquetas, Sea el primero en etiquetar este registro!
|
MARC
| LEADER | 00000naa a2200000 4500 | ||
|---|---|---|---|
| 001 | 0279590 | ||
| 005 | 20230104104529.8 | ||
| 041 | 0 | |a eng | |
| 044 | |a CZ | ||
| 245 | 1 | 0 | |a Equity Release Contracts with Varying Payments |c Agnieszka Marciniuk |
| 520 | |a Zmluvy o uvoľnení vlastného imania umožňujú vlastníkom nehnuteľností získať finančnú výhodu výmenou za odovzdanie ich nehnuteľností spoločnosti. Cieľom príspevku je analyzovať rôzne platby zmlúv o uvoľnení vlastného imania, ktoré sa už niekoľko rokov ponúkajú zákazníkom v Poľsku. | ||
| 610 | 2 | 0 | |a imanie vlastné |
| 610 | 2 | 0 | |a anuita |
| 610 | 2 | 0 | |a zmluvy |
| 610 | 2 | 0 | |a sadzby úrokové |
| 610 | 2 | 0 | |a valorizácia |
| 100 | 1 | |a Marciniuk, Agnieszka | |